An enlarged Europe : regions in competition?
Αποθηκεύτηκε σε:
| Άλλοι συγγραφείς: | |
|---|---|
| Μορφή: | Βιβλίο |
| Γλώσσα: | English |
| Δημοσίευση: |
London :
Jessica Kingsley, Regional Studies Association,
1995
|
| Σειρά: | Regional policy and development series ;
; 6 |
| Θέματα: | |
| Ετικέτες: |
Προσθήκη ετικέτας
Δεν υπάρχουν, Καταχωρήστε ετικέτα πρώτοι!
|
MARC
| LEADER | 00000cam a2200000 i 4500 | ||
|---|---|---|---|
| 001 | 1/85382 | ||
| 008 | 990701s1995 eng d | ||
| 020 | |a 1853021881 | ||
| 035 | |l 10051825 | ||
| 040 | |a GR-MY-UA |b gre |e aacr | ||
| 041 | 0 | |a eng | |
| 082 | 0 | |a 337.142 | |
| 245 | 1 | 3 | |a An enlarged Europe : |b regions in competition? / |c edited by Sally Hardy ... [et al.] |
| 260 | |a London : |b Jessica Kingsley, |b Regional Studies Association, |c 1995 | ||
| 300 | |a 342 p.; |b ill., maps; |c 24 cm. | ||
| 490 | 1 | |a Regional policy and development series |v ; 6 | |
| 504 | |a Includes bibliographical references and indexes | ||
| 650 | 0 | 0 | |a Structural adjustment (Economic policy) |z European Union countries. |
| 650 | 0 | 0 | |a Regional planning |z Europe, Eastern. |
| 650 | 0 | 0 | |a Post-communism |z Europe, Eastern. |
| 651 | 0 | |a European Union countries |x Economic conditions |x Regional disparities. | |
| 700 | 1 | |a Hardy, Sally. |4 edt | |
| 830 | 0 | |a Regional policy and development series ; |v ; 6 | |
| 852 | |a INST |b LESVOS |e 19990701 |h 337.142 ENL |p 005100024078 |q 005100024078 |t BK |y 0 | ||
| 901 | |a BIBL1-2000-2 | ||
| 909 | |a Λ |b 062440 | ||
| 922 | |a 1ΕΛΗ |b 199812 |c ΚΠΣ/ΤΓ |d LEADER | ||
| 950 | |a 118-1998-10-19 | ||
| 970 | |z 2000/04/ΜΙΧΑΗΛΙΔΟΥ ΑΝΝΑ | ||